[Event "Juvisy MI"]
[Site "?"]
[Date "2022.07.23"]
[Round "1"]
[White "Bonte, Andrei-Mihai"]
[Black "Shirazi, Kamram"]
[Result "0-1"]
[WhiteElo "2329"]
[BlackElo "2310"]
[PlyCount "76"]
[SourceDate "2022.07.22"]

1. d4 Nf6 2. Nf3 a6 3. c3 b6 4. Bf4 Nh5 5. Bg3 Bb7 6. Nbd2 d6 7. e4 Nd7 8. Bc4
e6 9. Bh4 Be7 10. Bxe7 Qxe7 11. O-O O-O 12. Re1 Kh8 13. h4 g6 14. Qe2 c5 15.
Qe3 e5 16. Rad1 Rae8 17. Qh6 b5 18. Bb3 c4 19. Bc2 Rg8 20. Nf1 Rg7 21. Ne3 Ndf6
22. dxe5 dxe5 23. Nd5 Qc5 24. Qg5 Nxd5 25. exd5 f6 26. Qe3 Rc8 27. Rd2 Rd7 28.
Red1 Kg7 29. Qe4 Re8 30. Nd4 Qc8 31. Nc6 Nf4 32. g3 Nxd5 33. Rxd5 Rxd5 34. Qxd5
Bxc6 35. Qd6 Qb7 36. Rd2 Re7 37. h5 Rd7 38. h6+ Kf7 0-1

[Event "Juvisy MI"]
[Site "?"]
[Date "2022.07.23"]
[Round "1"]
[White "Youssoupov, Moisse"]
[Black "Belkhodja, Slim"]
[Result "1-0"]
[WhiteElo "2321"]
[BlackElo "2322"]
[PlyCount "69"]
[SourceDate "2022.07.22"]

1. d4 Nf6 2. Bg5 d5 3. e3 c5 4. c3 Ne4 5. Bf4 Nc6 6. Nd2 Bf5 7. g4 Nxd2 8. gxf5
Nxf1 9. Kxf1 Qd7 10. Qh5 g6 11. fxg6 fxg6 12. Qg5 O-O-O 13. Nf3 Bg7 14. h4 Rdf8
15. Qg3 Rf5 16. h5 e5 17. dxe5 g5 18. e6 Qxe6 19. Nxg5 Qd7 20. Nf3 Bf6 21. Qg4
Qe6 22. Nh4 Bxh4 23. Qg7 Bd8 24. Qxh8 Qe4 25. Rh3 d4 26. cxd4 cxd4 27. Qg8 Rd5
28. Rd1 b6 29. Qg2 Qe6 30. Rg3 Bf6 31. Rc1 Kb7 32. e4 Rxh5 33. e5 Bxe5 34. Bxe5
Rxe5 35. Rg7+ 1-0

[Event "Juvisy MI"]
[Site "?"]
[Date "2022.07.23"]
[Round "1"]
[White "Lazo, Andrei"]
[Black "Bellahcene, Bilel"]
[Result "0-1"]
[WhiteElo "2234"]
[BlackElo "2514"]
[PlyCount "180"]
[SourceDate "2022.07.22"]

1. d4 Nf6 2. c4 b6 3. Nf3 Bb7 4. g3 Bxf3 5. exf3 e6 6. Bg2 Bb4+ 7. Nd2 Nc6 8.
a3 Bxd2+ 9. Qxd2 d5 10. c5 bxc5 11. dxc5 a5 12. Qc2 a4 13. b4 axb3 14. Qxb3 O-O
15. O-O Qb8 16. Qc3 Ra4 17. Bg5 Rc4 18. Qd3 Nd7 19. Be3 Nxc5 20. Bxc5 Rxc5 21.
Rac1 Ne5 22. Qe3 Rxc1 23. Rxc1 Nc4 24. Qc3 Qa7 25. Bf1 Nxa3 26. Qxc7 Qxc7 27.
Rxc7 g5 28. Bd3 Rb8 29. Kf1 Kg7 30. f4 gxf4 31. gxf4 Rb4 32. f5 e5 33. f6+ Kxf6
34. Bxh7 Kg7 35. Bf5 Rf4 36. Be6 d4 37. Rd7 Nb1 38. Kg2 Nc3 39. f3 Nd1 40. Kg3
Ne3 41. h4 Nf5+ 42. Bxf5 Rxf5 43. Rd6 Kf8 44. Kg4 Rf4+ 45. Kg3 Ke7 46. Rd5 Ke6
47. Rd8 Rf6 48. h5 Ke7 49. Rd5 Rf5 50. Kg4 Rf4+ 51. Kg3 f6 52. Ra5 Kf8 53. h6
Kg8 54. Ra7 d3 55. Kf2 d2 56. Rg7+ Kh8 57. Rd7 Rh4 58. Ke3 Rxh6 59. Kxd2 Rh7
60. Rd6 Kg7 61. Ke3 Kg6 62. Rd8 Kf5 63. Rg8 Rh2 64. Rg4 Ke6 65. Ra4 Kf5 66. Rg4
Ra2 67. Rb4 Ra3+ 68. Ke2 Rc3 69. Ra4 Rc6 70. Ke3 Rb6 71. Rh4 Ke6 72. Ra4 f5 73.
Ra8 Rb3+ 74. Ke2 Rb2+ 75. Kd3 Kf6 76. Rg8 Ra2 77. Rg1 f4 78. Rh1 Rf2 79. Rh6+
Kg5 80. Rh3 Kf5 81. Rh5+ Ke6 82. Rh3 Kd5 83. Kc3 Re2 84. Kd3 Re3+ 85. Kd2 Kd4
86. Kd1 Kd3 87. Rh5 Rxf3 88. Rxe5 Rf1+ 89. Re1 Rxe1+ 90. Kxe1 Ke3 0-1

[Event "Juvisy MI"]
[Site "?"]
[Date "2022.07.23"]
[Round "1"]
[White "Bauget, Alexandre"]
[Black "Droin, Augustin"]
[Result "0-1"]
[WhiteElo "2282"]
[BlackElo "2390"]
[PlyCount "104"]
[SourceDate "2022.07.22"]

1. d4 Nf6 2. c4 e6 3. Nc3 Bb4 4. Nf3 c5 5. g3 Nc6 6. Bg2 Ne4 7. Qd3 cxd4 8.
Qxe4 dxc3 9. O-O O-O 10. Rd1 f5 11. Qc2 cxb2 12. Bxb2 d6 13. Nd4 Nxd4 14. Bxd4
Qc7 15. c5 Rb8 16. Rac1 Bd7 17. Bxg7 Rfc8 18. Bh6 Bxc5 19. Qd2 Be8 20. e4 Bg6
21. exf5 Bxf5 22. Qg5+ Bg6 23. h4 Qd8 24. Qg4 Qf6 25. h5 Qxf2+ 26. Kh2 Qf5 27.
Bh3 Qxg4 28. Bxg4 Bf7 29. Bf4 Kg7 30. Kh3 Kf6 31. Kh4 Ba3 32. Rxc8 Rxc8 33.
Bg5+ Kg7 34. h6+ Kf8 35. Rd3 Bc1 36. Rxd6 Bxg5+ 37. Kxg5 Ke7 38. Rd3 Rc5+ 39.
Kf4 a5 40. Bf3 b5 41. g4 Bg6 42. Re3 Kf6 43. Kg3 Re5 44. Rc3 b4 45. Rc7 Kg5 46.
Re7 Re3 47. Rc7 Rc3 48. Rb7 Be4 49. Rg7+ Kxh6 50. Rg8 Bxf3 51. Kh4 Bxg4 52.
Kxg4 Rc2 0-1

[Event "Juvisy MI"]
[Site "?"]
[Date "2022.07.23"]
[Round "1"]
[White "Bon, Michael"]
[Black "Razafindratsima, Timothée"]
[Result "0-1"]
[WhiteElo "2413"]
[BlackElo "2416"]
[PlyCount "104"]
[SourceDate "2022.07.22"]

1. e4 c5 2. Nf3 d6 3. d4 cxd4 4. Nxd4 Nf6 5. Nc3 Nc6 6. Bg5 e6 7. Qd2 a6 8.
O-O-O Bd7 9. Kb1 h6 10. Be3 Ng4 11. Nxc6 bxc6 12. Bf4 e5 13. Bg3 Be7 14. Be2
Nf6 15. f4 Qc7 16. Rhf1 Be6 17. f5 Bd7 18. Bh4 Rb8 19. Bxf6 gxf6 20. Bc4 a5 21.
Rf3 Rb4 22. Qe2 Qb6 23. Bb3 Qa7 24. a3 Rd4 25. Rg3 Bf8 26. Rxd4 Qxd4 27. Ka2
Qb6 28. Nd1 h5 29. h4 Ke7 30. Ne3 Qc5 31. a4 Bc8 32. Nf1 Qd4 33. Rc3 Bb7 34.
Ng3 Rh7 35. Nxh5 c5 36. Ng3 Rxh4 37. Qe1 Qb4 38. Qf1 Bh6 39. Rc4 Qb6 40. Qd1
Be3 41. Qe1 Bg5 42. Qd1 Rh2 43. Rc3 Qb4 44. Bd5 Ba6 45. Rb3 Qxa4+ 46. Kb1 Rxg2
47. c4 Rg1 48. Qxg1 Qxb3 49. Qe1 Bxc4 50. Bxc4 Qxc4 51. Qe2 Qb3 52. Qf2 Bh4 0-1

[Event "Juvisy MI"]
[Site "?"]
[Date "2022.07.24"]
[Round "2"]
[White "Bellahcene, Bilel"]
[Black "Razafindratsima, Timothé"]
[Result "1-0"]
[WhiteElo "2514"]
[BlackElo "2416"]
[PlyCount "81"]
[SourceDate "2022.07.24"]

1. d4 Nf6 2. c4 g6 3. Nc3 d5 4. Nf3 Bg7 5. Qb3 dxc4 6. Qxc4 O-O 7. e4 Nc6 8. h3
e5 9. dxe5 Nd7 10. e6 fxe6 11. Be3 Nde5 12. Nxe5 Nxe5 13. Qa4 Qe7 14. Be2 Bd7
15. Qb3 Bc6 16. h4 Rad8 17. Qc2 h5 18. f4 Nf7 19. e5 Nh6 20. Qxg6 Nf5 21. Bf2
b5 22. a3 a5 23. Rc1 b4 24. axb4 axb4 25. Nb5 Be4 26. Rc4 c6 27. Rxe4 cxb5 28.
Qxh5 Qc7 29. O-O Qc2 30. Rxb4 Qd2 31. Re4 Qxb2 32. Qg6 Qb3 33. Bg4 b4 34. Re3
Qc4 35. Rg3 Rf7 36. Bxf5 exf5 37. h5 Qxf4 38. e6 Rb7 39. h6 b3 40. hxg7 b2 41.
Qh5 1-0

[Event "Juvisy MI"]
[Site "?"]
[Date "2022.07.24"]
[Round "2"]
[White "Shirazi, Kamram"]
[Black "Bon, Michael"]
[Result "1-0"]
[WhiteElo "2310"]
[BlackElo "2413"]
[PlyCount "81"]
[EventDate "2022.??.??"]
[SourceDate "2022.07.24"]

1. d4 d5 2. c4 e6 3. Nc3 a6 4. Nf3 dxc4 5. e4 b5 6. a4 b4 7. Ne2 Nf6 8. Ng3 Bb7
9. Qc2 c5 10. dxc5 Bxc5 11. Bxc4 Nbd7 12. O-O Qc7 13. b3 O-O 14. Bb2 Rfd8 15.
Rac1 Qf4 16. Bd3 Rac8 17. e5 Bd4 18. Qxc8 Rxc8 19. Rxc8+ Bxc8 20. Ne2 Qg4 21.
Nexd4 Nd5 22. h3 Qh5 23. Rc1 Bb7 24. Be4 f5 25. Bd3 Qg6 26. Bf1 h6 27. Nc6 Kh7
28. a5 Qe8 29. Nfd4 g5 30. Nxe6 Nxe5 31. Ncd8 Nc3 32. Bxc3 bxc3 33. Rxc3 Bd5
34. Rc7+ Kg6 35. Rc5 Bxe6 36. Rxe5 Qxd8 37. Rxe6+ Kf7 38. Rxa6 Qd1 39. Rb6 h5
40. a6 Qa1 41. Rb4 1-0

[Event "Juvisy MI"]
[Site "?"]
[Date "2022.07.24"]
[Round "2"]
[White "Belkhodja, Slim"]
[Black "Bouget, Alexandre"]
[Result "1-0"]
[WhiteElo "2322"]
[BlackElo "2282"]
[PlyCount "95"]
[EventDate "2022.??.??"]
[SourceDate "2022.07.24"]

1. e4 e5 2. Nc3 Nf6 3. d4 exd4 4. Qxd4 Nc6 5. Qd3 Bb4 6. Bd2 O-O 7. O-O-O Re8
8. Nge2 d6 9. Bg5 h6 10. Bxf6 Qxf6 11. Nd5 Qd8 12. f4 Bc5 13. Nec3 Nb4 14. Nxb4
Bxb4 15. Nd5 Bc5 16. Be2 c6 17. Nc3 b5 18. e5 Be6 19. Ne4 Qa5 20. Nxc5 dxc5 21.
Qa3 Qxa3 22. bxa3 Bxa2 23. Bf3 Rac8 24. Rd6 b4 25. Kb2 Bc4 26. axb4 cxb4 27.
Ra1 Re7 28. Bxc6 Rec7 29. Bd7 Rd8 30. Rad1 Rb8 31. f5 b3 32. c3 Rc5 33. R6d4
Kf8 34. f6 Be2 35. R1d2 Bc4 36. Rd6 Kg8 37. Bc6 Kh7 38. h4 h5 39. R2d4 Be6 40.
Be4+ g6 41. Bd5 Bf5 42. Rc4 Rxc4 43. Bxc4 Re8 44. Bxf7 Rxe5 45. Bxb3 Be4 46.
Rd7+ Kh6 47. Rd8 g5 48. f7 1-0

[Event "Juvisy MI"]
[Site "?"]
[Date "2022.07.24"]
[Round "2"]
[White "Droin, Augustin"]
[Black "Bonte, Andrei"]
[Result "1-0"]
[WhiteElo "2358"]
[BlackElo "2888"]
[PlyCount "115"]
[EventDate "2022.??.??"]
[SourceDate "2022.07.24"]

1. e4 c6 2. d4 d5 3. e5 c5 4. dxc5 Nc6 5. Nf3 Bg4 6. c3 e6 7. b4 Bxf3 8. Qxf3
Nxe5 9. Bb5+ Nc6 10. Bf4 Nf6 11. Nd2 Be7 12. O-O O-O 13. Rfe1 a5 14. a3 Na7 15.
Bd3 b6 16. cxb6 Qxb6 17. Qh3 Rfd8 18. Be3 Qb7 19. Nb3 Nc6 20. Bg5 axb4 21. cxb4
h6 22. Bxh6 Nxb4 23. axb4 gxh6 24. Rxa8 Rxa8 25. Qxh6 Ne4 26. Bxe4 dxe4 27. Re3
Bd6 28. Qg5+ Kf8 29. Rh3 Ke8 30. Rh8+ Kd7 31. Rxa8 Qxa8 32. g3 Qd5 33. Nc5+ Kc6
34. Qe3 f5 35. h4 Kb5 36. Qa3 Qd2 37. Qa4+ Kc4 38. Qb3+ Kb5 39. Nxe6 Bxb4 40.
Nf4 Kc5 41. Qe6 Qd1+ 42. Kh2 Qg4 43. Qd5+ Kb6 44. Qd8+ Kb5 45. Qd7+ Ka5 46.
Qa7+ Kb5 47. Qb7+ Ka5 48. Ne6 Bc3 49. Nc7 Ka4 50. Qb5+ Ka3 51. Qc4 Kb2 52. Nb5
Be5 53. Qb4+ Ka1 54. Qa5+ Kb2 55. Qd2+ Ka1 56. Qc1+ Ka2 57. Qc2+ Ka1 58. Na3
1-0

[Event "Juvisy MI"]
[Site "?"]
[Date "2022.07.24"]
[Round "2"]
[White "Lazo, Andrei"]
[Black "Youssoupov, Moisse"]
[Result "1-0"]
[WhiteElo "2234"]
[BlackElo "2321"]
[PlyCount "113"]
[EventDate "2022.??.??"]
[SourceDate "2022.07.25"]

1. d4 g6 2. c4 Bg7 3. Nc3 c5 4. d5 d6 5. e4 e6 6. f4 exd5 7. cxd5 Nf6 8. Bb5+
Nfd7 9. Be2 O-O 10. Nf3 Nb6 11. O-O Bg4 12. Qe1 Qe7 13. Bd3 c4 14. Bc2 Na6 15.
Qg3 Bxf3 16. Qxf3 Nb4 17. Bb1 f5 18. Bd2 Rae8 19. exf5 gxf5 20. a3 Na6 21. Bc2
Nc7 22. Qh3 Qf6 23. g4 Qd4+ 24. Rf2 Nbxd5 25. Bxf5 h6 26. g5 h5 27. Rd1 Nxc3
28. bxc3 Qc5 29. Bg6 Re2 30. Qg3 Rxf2 31. Qxf2 Qxf2+ 32. Kxf2 Nd5 33. Kg3 Bxc3
34. Bc1 Ne7 35. Bxh5 Nf5+ 36. Kg4 Bd4 37. Kf3 c3 38. Ke4 Bg7 39. Rd5 Ne7 40.
Rxd6 Nc6 41. Rd7 Na5 42. Kd3 b5 43. Bf3 Kh8 44. Bd5 a6 45. h4 Nc4 46. Ra7 Rd8
47. Ra8 Rxa8 48. Bxa8 a5 49. h5 Nb6 50. Bc6 b4 51. axb4 axb4 52. h6 Bf8 53. Be3
b3 54. Bd4+ Kg8 55. Bxb6 Bb4 56. Bd5+ Kh7 57. Be4+ 1-0

[Event "Juvisy MI"]
[Site "?"]
[Date "2022.07.25"]
[Round "3"]
[White "Razafindratsima, Timothée"]
[Black "Shirazi, Kamram"]
[Result "1-0"]
[WhiteElo "2416"]
[BlackElo "2310"]
[PlyCount "133"]
[SourceDate "2022.07.22"]

1. e4 Nc6 2. Nf3 e5 3. Bb5 a6 4. Ba4 g6 5. O-O Bg7 6. c3 d6 7. d4 Bd7 8. Re1
Nge7 9. Be3 O-O 10. Nbd2 h6 11. Bc2 Kh7 12. Nf1 f5 13. exf5 Bxf5 14. dxe5 Bxc2
15. Qxc2 Rxf3 16. gxf3 Nxe5 17. Qe2 Qd7 18. f4 N5c6 19. Ng3 Rf8 20. Rad1 Qh3
21. Qf1 Qg4 22. h3 Qe6 23. a3 Qb3 24. Bc1 Nd5 25. Ne2 Nde7 26. Qg2 Rf5 27. Ng3
Rf6 28. Kh1 Qf7 29. Rd3 Nf5 30. Qd5 Qd7 31. Nxf5 Rxf5 32. Qe6 Qxe6 33. Rxe6 g5
34. fxg5 hxg5 35. Kg2 Ne5 36. Rg3 Bf6 37. Re8 Ng6 38. Rc8 Rc5 39. Be3 Nh4+ 40.
Kf1 Rb5 41. Rxc7+ Kg6 42. Bc1 Rd5 43. Ke2 b5 44. Rd3 Re5+ 45. Kf1 Nf5 46. Ra7
Re4 47. Rxa6 g4 48. hxg4 Rxg4 49. Rh3 Rc4 50. Rb6 Rc5 51. Rd3 Be5 52. Bd2 Kf7
53. b4 Rc4 54. Rxb5 Ke6 55. Rh3 Rc8 56. a4 d5 57. Rd3 Ne7 58. a5 Rh8 59. Rb6+
Kd7 60. a6 Rh1+ 61. Kg2 Ra1 62. b5 Bc7 63. Rb7 Kc8 64. Rh3 d4 65. Rh8+ Kd7 66.
b6 Nd5 67. bxc7 1-0

[Event "Juvisy MI"]
[Site "?"]
[Date "2022.07.25"]
[Round "3"]
[White "Bonte, Andrei Mihai"]
[Black "Belkhodja, Slim"]
[Result "1-0"]
[WhiteElo "2329"]
[BlackElo "2322"]
[PlyCount "75"]
[SourceDate "2022.07.22"]

1. d4 Nf6 2. Nf3 g6 3. Nc3 c5 4. d5 d6 5. e4 Bg7 6. Bb5+ Bd7 7. a4 O-O 8. h3
Na6 9. O-O Nc7 10. Bxd7 Nxd7 11. Re1 a6 12. Bg5 Re8 13. Qd2 b5 14. a5 b4 15.
Nd1 f6 16. Bf4 Ne5 17. Nxe5 fxe5 18. Bg5 Rf8 19. Ne3 h6 20. Bh4 Rf4 21. Bg3
Rxe4 22. c3 bxc3 23. bxc3 Qe8 24. Qd3 Rf4 25. Bxf4 exf4 26. Nc4 Qf7 27. Nb6 Rd8
28. Rab1 g5 29. Re2 Be5 30. Rbe1 Nb5 31. Rxe5 dxe5 32. Rxe5 e6 33. c4 Nd4 34.
Qe4 Re8 35. d6 f3 36. g3 Ne2+ 37. Kh2 Qf6 38. d7 1-0

[Event "Juvisy MI"]
[Site "?"]
[Date "2022.07.25"]
[Round "3"]
[White "Youssoupov, Moisse"]
[Black "Bellahcene, Bilel"]
[Result "1-0"]
[WhiteElo "2321"]
[BlackElo "2514"]
[PlyCount "79"]
[SourceDate "2022.07.22"]

1. c4 b6 2. Nc3 Bb7 3. Nf3 e6 4. g3 Bxf3 5. exf3 c5 6. d4 cxd4 7. Qxd4 Nc6 8.
Qd2 Qf6 9. Bg2 Qe5+ 10. Qe2 Rc8 11. Be3 Nd4 12. Qd3 Nf5 13. Rd1 Nf6 14. f4 Qc7
15. Nd5 exd5 16. Qxf5 Bb4+ 17. Kf1 Qxc4+ 18. Kg1 Qe2 19. Qd3 Qxd3 20. Rxd3 Rc2
21. Bf3 Rxb2 22. a3 Bc5 23. Bxc5 bxc5 24. Bxd5 O-O 25. Kg2 Re8 26. Bf3 d5 27.
Bxd5 Ng4 28. Rb3 Rxf2+ 29. Kh3 Nf6 30. Bc6 Rc8 31. Rc1 h5 32. Bf3 g6 33. Rbc3
Rd8 34. R1c2 Rxc2 35. Rxc2 Rd3 36. Kg2 Rxa3 37. Rxc5 Ra2+ 38. Kg1 a5 39. h3 Kg7
40. Rc7 1-0

[Event "Juvisy MI"]
[Site "?"]
[Date "2022.07.25"]
[Round "3"]
[White "Bouget, Alexandre"]
[Black "Lazo, Andrei"]
[Result "1/2-1/2"]
[WhiteElo "2282"]
[BlackElo "2234"]
[PlyCount "97"]
[SourceDate "2022.07.22"]

1. d4 d5 2. c4 c6 3. Nf3 Nf6 4. Nc3 a6 5. Qc2 g6 6. Bg5 Bg7 7. Bxf6 Bxf6 8.
cxd5 cxd5 9. Nxd5 Nc6 10. Nxf6+ exf6 11. e3 Bf5 12. Qd2 Rc8 13. Be2 Ne7 14. Bd1
h5 15. O-O h4 16. Ne1 h3 17. g3 Be4 18. f3 Bc6 19. Be2 Qd6 20. e4 Rd8 21. Rd1
f5 22. d5 fxe4 23. fxe4 O-O 24. Qf4 Ba4 25. b3 Bb5 26. Qxd6 Rxd6 27. Bxb5 axb5
28. Nc2 f5 29. exf5 Rxf5 30. Rxf5 gxf5 31. Nb4 Kf7 32. Kf2 Kf6 33. Ke3 Ke5 34.
Nd3+ Kxd5 35. Nf4+ Ke5 36. Rxd6 Kxd6 37. Nxh3 Nd5+ 38. Kd4 Nb4 39. Nf4 Nxa2 40.
Nd3 b4 41. Kc4 Nc3 42. Kxb4 Nd5+ 43. Kb5 Ne3 44. Kb6 Nf1 45. Kxb7 Nxh2 46. b4
Nf1 47. b5 Nxg3 48. b6 Ne4 49. Ka7 1/2-1/2

[Event "Juvisy MI"]
[Site "?"]
[Date "2022.07.25"]
[Round "3"]
[White "Bon, Michael"]
[Black "Droin, Augustin"]
[Result "0-1"]
[WhiteElo "2413"]
[BlackElo "2391"]
[PlyCount "158"]
[SourceDate "2022.07.22"]

1. e4 c5 2. Nf3 d6 3. d4 cxd4 4. Nxd4 Nf6 5. Nc3 Bd7 6. Bg5 e6 7. Qd3 a6 8.
O-O-O Nc6 9. f4 Qa5 10. Kb1 Rc8 11. Qg3 Be7 12. Be2 Nxd4 13. Rxd4 h6 14. Bh4 g5
15. fxg5 hxg5 16. Bxg5 Nh5 17. Bxh5 Qxg5 18. Qxg5 Bxg5 19. Bf3 Ke7 20. h3 Bf6
21. Rd3 Rc4 22. Rhd1 Be5 23. Ne2 Rh4 24. b3 Rc5 25. Nd4 Rh8 26. Be2 Rhc8 27. c4
b5 28. R3d2 Rg8 29. g4 bxc4 30. Bxc4 Bc8 31. Nf3 Bf4 32. Rc2 Bb7 33. Bd3 Rxc2
34. Bxc2 f5 35. gxf5 exf5 36. Re1 Kf6 37. Nd4 fxe4 38. Bxe4 Re8 39. Bxb7 Rxe1+
40. Kc2 Be5 41. Kd2 Ra1 42. Nc2 Rxa2 43. b4 a5 44. Bd5 Rb2 45. bxa5 Rb5 46. Be4
Rxa5 47. Bf3 Rb5 48. h4 Rb3 49. Ke2 Kf5 50. h5 Kf4 51. Bd5 Rc3 52. Kd2 Rc7 53.
Kd3 Kg5 54. Nb4 Kxh5 55. Bc6 Kg5 56. Kc4 Rh7 57. Nd5 Rh1 58. Bb7 Rb1 59. Ba8
Rc1+ 60. Kd3 Bg7 61. Nb4 Rc3+ 62. Ke2 Bd4 63. Nd5 Rg3 64. Bc6 Kf5 65. Nb4 Re3+
66. Kd2 Ra3 67. Nc2 Ra2 68. Kd3 Bc5 69. Ne1 Ke6 70. Kc4 Be3 71. Bd5+ Kf5 72.
Bb7 Ra4+ 73. Kd3 Bc5 74. Bc6 Rd4+ 75. Kc3 d5 76. Nd3 Rc4+ 77. Kb3 Ke4 78. Ne1
Bf2 79. Bb5 Rc5 0-1

[Event "Juvisy MI"]
[Site "?"]
[Date "2022.07.26"]
[Round "4"]
[White "Bellahcene, Bilel"]
[Black "Shirazi, Kamram"]
[Result "1-0"]
[WhiteElo "2514"]
[BlackElo "2310"]
[PlyCount "111"]
[EventDate "2022.??.??"]
[SourceDate "2022.07.26"]

1. e4 d6 2. d4 Nf6 3. Nc3 g6 4. Be3 c6 5. Qd2 Ng4 6. Bg5 f6 7. Bh4 Bh6 8. Qd3
Bg7 9. f3 Nh6 10. O-O-O b5 11. Qd2 Qa5 12. Kb1 Be6 13. d5 Bf7 14. dxc6 Nxc6 15.
Nd5 b4 16. Bb5 Rc8 17. Qxb4 Qxb4 18. Nxb4 Kd7 19. Ne2 a6 20. Ba4 Bc4 21. Nxc6
Bxe2 22. Nd4+ Bb5 23. Nxb5 axb5 24. Bxb5+ Ke6 25. Ba4 Ra8 26. Bb3+ Kd7 27. Bf2
Rhb8 28. h4 f5 29. Rhe1 fxe4 30. Rxe4 Ng8 31. Rde1 e5 32. Rd1 Nf6 33. Rxe5 Ng4
34. Re2 Nxf2 35. Rxf2 Bf6 36. g3 h6 37. f4 Rf8 38. c3 g5 39. fxg5 hxg5 40. Rdf1
Ke7 41. hxg5 Bxg5 42. Rxf8 Rxf8 43. Rxf8 Kxf8 44. Kc2 Ke7 45. Bd5 Kf6 46. Kd3
Bc1 47. b4 Ke5 48. Bf3 Ba3 49. Kc4 Ke6 50. Kb3 Bc1 51. a4 Be3 52. Kc2 Bf2 53.
g4 Ke5 54. Kd3 d5 55. a5 d4 56. c4 1-0

[Event "Juvisy MI"]
[Site "?"]
[Date "2022.07.26"]
[Round "4"]
[White "Belkhodja, Slim"]
[Black "Bon, Michael"]
[Result "0-1"]
[WhiteElo "2322"]
[BlackElo "2413"]
[PlyCount "92"]
[EventDate "2022.??.??"]
[SourceDate "2022.07.26"]

1. e4 c5 2. Nc3 Nc6 3. f4 e6 4. Nf3 d5 5. Bb5 Nge7 6. d3 a6 7. Bxc6+ Nxc6 8.
O-O Be7 9. Qe1 Nd4 10. Qf2 dxe4 11. dxe4 Qc7 12. Be3 Nxf3+ 13. Qxf3 O-O 14. e5
Bd7 15. Qg3 f5 16. exf6 Rxf6 17. f5 Qxg3 18. hxg3 Rxf5 19. Rxf5 exf5 20. Nd5
Bf8 21. Nb6 Re8 22. Nxd7 Rxe3 23. Kf2 Re6 24. Nxf8 Kxf8 25. Rd1 g6 26. Rd5 Rb6
27. b3 c4 28. Rd7 cxb3 29. axb3 h6 30. Kf3 Rb4 31. Rd3 Ke7 32. Re3+ Kd6 33.
Rd3+ Kc6 34. Rc3+ Kb6 35. Re3 Ka5 36. Re7 Rb6 37. Rh7 h5 38. Rf7 Kb4 39. Kf4
Kc3 40. Rc7+ Kd2 41. Kf3 Rb4 42. Kf2 a5 43. Rc5 b6 44. Rc6 Kc1 45. c4 Rxb3 46.
c5 b5 0-1

[Event "Juvisy MI"]
[Site "?"]
[Date "2022.07.26"]
[Round "4"]
[White "Droin, Augustin"]
[Black "Razafindratsima, Timothe"]
[Result "1-0"]
[WhiteElo "2391"]
[BlackElo "2413"]
[PlyCount "119"]
[SourceDate "2022.07.22"]

1. e4 c5 2. Nf3 e6 3. d4 cxd4 4. Nxd4 a6 5. c4 Nf6 6. Nc3 Bb4 7. Qd3 Qc7 8. a3
Be7 9. Be2 Nc6 10. Nxc6 dxc6 11. O-O O-O 12. Be3 e5 13. h3 Be6 14. c5 Rfd8 15.
Qc2 h6 16. Na4 Nh7 17. Nb6 Rab8 18. f4 Bf6 19. f5 Bd7 20. Rad1 Be8 21. Nc4 Qe7
22. b4 Ra8 23. Rxd8 Rxd8 24. Rd1 Nf8 25. Rxd8 Qxd8 26. Qd3 Qa8 27. Bd1 Nd7 28.
Bb3 Be7 29. Kf2 a5 30. Qc3 axb4 31. axb4 Qb8 32. g4 Kf8 33. Qd2 Qa7 34. Qc3 Qb8
35. Kg3 Qd8 36. Kf3 Qa8 37. Qe1 Qd8 38. Qa1 Qb8 39. Bf2 Qd8 40. Ke2 Qb8 41. Bg3
f6 42. Bf2 Bf7 43. Qa2 Qd8 44. Be3 Qc7 45. h4 Bxc4+ 46. Bxc4 Ke8 47. Bf7+ Kd8
48. Bh5 Qb8 49. g5 hxg5 50. hxg5 Kc7 51. Qa5+ Kc8 52. Bf7 Qc7 53. Qa8+ Qb8 54.
Qa2 Qc7 55. Be6 Qd8 56. b5 cxb5 57. c6 bxc6 58. gxf6 Bxf6 59. Qa7 Qe7 60. Bb6
1-0

[Event "Juvisy MI"]
[Site "?"]
[Date "2022.07.26"]
[Round "4"]
[White "Lazo, Andrei"]
[Black "Bonte, Andrei Mihai"]
[Result "0-1"]
[WhiteElo "2234"]
[BlackElo "2329"]
[PlyCount "122"]
[EventDate "2022.??.??"]
[SourceDate "2022.07.26"]

1. d4 Nf6 2. c4 e6 3. Nf3 d5 4. cxd5 exd5 5. Nc3 c6 6. Qc2 g6 7. Bg5 Be7 8. e3
Bf5 9. Qc1 O-O 10. Be2 Re8 11. h3 Nbd7 12. Bf4 a5 13. O-O a4 14. a3 Qa5 15. g4
Be6 16. Ng5 Nf8 17. Nxe6 Nxe6 18. Be5 Nd7 19. Bg3 Qd8 20. Qc2 Bh4 21. Bh2 Qe7
22. Bd3 Ng5 23. Kg2 Nb6 24. Rae1 Ne4 25. Re2 Kg7 26. f3 Nxc3 27. Qxc3 Kg8 28.
f4 Nc8 29. e4 dxe4 30. Rxe4 Qd7 31. Rxe8+ Qxe8 32. f5 Nb6 33. fxg6 hxg6 34. Rf3
Nd5 35. Qd2 Qe7 36. Bg1 Bg5 37. Qf2 Re8 38. Kh1 Kg7 39. Bc4 f6 40. Bxd5 cxd5
41. Kg2 Qe4 42. Qg3 Rc8 43. Bf2 Rc2 44. Kf1 Bh4 45. Qf4 Qxf4 46. Rxf4 Bg5 47.
Rf3 Rxb2 48. Be1 Rb3 49. Rc3 Bf4 50. Ke2 Bd6 51. Rxb3 axb3 52. Kd3 Bxa3 53. Bd2
Bb2 54. Be3 b5 55. h4 b4 56. Kd2 Bc3+ 57. Kd3 f5 58. gxf5 gxf5 59. h5 Kh7 60.
h6 Kg6 61. Bg5 Bxd4 0-1

[Event "Juvisy MI"]
[Site "?"]
[Date "2022.07.27"]
[Round "5"]
[White "Shirazi, Kamram"]
[Black "Droin, Augustin"]
[Result "0-1"]
[WhiteElo "2310"]
[BlackElo "2391"]
[PlyCount "78"]
[SourceDate "2022.07.22"]

1. e4 c5 2. Nf3 d6 3. Bb5+ Nd7 4. d4 Ngf6 5. e5 cxd4 6. Qxd4 dxe5 7. Nxe5 a6 8.
Bxd7+ Nxd7 9. Nc3 e6 10. Nd3 Qf6 11. Be3 Qxd4 12. Bxd4 f6 13. f4 b5 14. O-O-O
Bb7 15. Rd2 b4 16. Na4 Rc8 17. b3 h5 18. Re1 Kf7 19. Nb6 Nxb6 20. Bxb6 Bd5 21.
Ba5 Rb8 22. f5 Bd6 23. Rde2 exf5 24. Bc7 Bxc7 25. Re7+ Kg6 26. Rxc7 Be4 27. Nc5
Rhc8 28. Nxa6 Rxc7 29. Nxc7 Rc8 30. Rxe4 fxe4 31. Nd5 Rd8 32. Nxb4 f5 33. a4 f4
34. Nc6 Rd6 35. Ne5+ Kf6 36. Nc4 Rd8 37. Nd2 e3 38. Ne4+ Ke5 39. Nc3 g5 0-1

[Event "Juvisy MI"]
[Site "?"]
[Date "2022.07.27"]
[Round "5"]
[White "Bauget, Alexandre"]
[Black "Bellahcene, Bilel"]
[Result "0-1"]
[WhiteElo "2282"]
[BlackElo "2514"]
[PlyCount "90"]
[SourceDate "2022.07.22"]

1. d4 Nf6 2. c4 e6 3. Nc3 Bb4 4. Nf3 b6 5. Qc2 Bb7 6. a3 Bxc3+ 7. Qxc3 a5 8. b3
O-O 9. g3 d5 10. Bg2 a4 11. b4 dxc4 12. Qxc4 Bd5 13. Qc3 Nc6 14. O-O Rc8 15.
Rd1 Na7 16. Qd3 Qe8 17. Bf4 Be4 18. Qa6 Ra8 19. Qc4 Nd5 20. Ne1 Bg6 21. Nd3 Nb5
22. Ne5 Nd6 23. Qc1 Be4 24. f3 Nxf4 25. Qxf4 Bb7 26. Rac1 Nb5 27. e4 f6 28. Nc4
Nxd4 29. Qxc7 Ne2+ 30. Kf2 Nxc1 31. Qxb7 Rb8 32. Qd7 Qxd7 33. Rxd7 b5 34. Na5
Rfc8 35. Bh3 Rc2+ 36. Ke3 Re2+ 37. Kf4 g5+ 38. Kg4 Rxh2 39. Nc6 Re8 40. Nd4 Nd3
41. f4 h5+ 42. Kxh5 Rxh3+ 43. Kg6 gxf4 44. gxf4 Nxf4+ 45. Kxf6 Rf8+ 0-1

[Event "Juvisy MI"]
[Site "?"]
[Date "2022.07.27"]
[Round "5"]
[White "Bonte, Andrei Mihai"]
[Black "Youssoupov, Moisse"]
[Result "1-0"]
[WhiteElo "2329"]
[BlackElo "2321"]
[PlyCount "81"]
[SourceDate "2022.07.22"]

1. d4 g6 2. e4 d5 3. exd5 Qxd5 4. Nc3 Qd8 5. Nf3 Bg7 6. Bc4 Nh6 7. Bf4 Nf5 8.
Be5 O-O 9. Bxg7 Kxg7 10. Qd2 c6 11. O-O Nd7 12. Rfe1 b5 13. Bf1 Nf6 14. a4 b4
15. Ne4 Nxe4 16. Rxe4 a5 17. Rae1 Ra7 18. Ne5 Rc7 19. c4 c5 20. d5 e6 21. Rd1
Bb7 22. Nf3 Rd7 23. Re5 Qf6 24. Qf4 Nd4 25. Rxd4 cxd4 26. Qxd4 exd5 27. c5 Rc7
28. Bb5 Rfc8 29. g4 h6 30. h4 Kh7 31. Kg2 Qg7 32. g5 f6 33. Re6 f5 34. Ne5 Re7
35. Rxe7 Qxe7 36. c6 Ba8 37. f4 hxg5 38. hxg5 Qd6 39. Nd7 Rxc6 40. Nf6+ Kg7 41.
Ne8+ 1-0

[Event "Juvisy MI"]
[Site "?"]
[Date "2022.07.27"]
[Round "5"]
[White "Razafindratsima, Timothe"]
[Black "Belkhodja, Slim"]
[Result "1-0"]
[WhiteElo "2416"]
[BlackElo "2322"]
[PlyCount "103"]
[SourceDate "2022.07.22"]

1. e4 d6 2. d4 Nf6 3. Nc3 c6 4. Be3 Ng4 5. Bg5 Qa5 6. Qd2 e5 7. Nf3 f6 8. Bh4
b5 9. h3 Nh6 10. Bd3 Be7 11. O-O Nf7 12. a4 b4 13. Na2 c5 14. dxc5 dxc5 15. Bc4
Qc7 16. c3 Nd6 17. Bd5 Bb7 18. Rfe1 b3 19. Bxb3 g5 20. Bg3 Nxe4 21. Qe2 Nxg3
22. fxg3 Nd7 23. Bc4 O-O-O 24. Ba6 g4 25. hxg4 Rhg8 26. Nh4 c4 27. Bxb7+ Kxb7
28. Qe4+ Qc6 29. Nf5 Bc5+ 30. Kf1 Nb6 31. a5 Nc8 32. Qxc4 Nd6 33. Nxd6+ Bxd6
34. Qxc6+ Kxc6 35. Re4 Kd5 36. Rae1 h5 37. gxh5 Rxg3 38. Rh4 Rh8 39. c4+ Ke6
40. b4 Rg5 41. c5 Bc7 42. Nc3 a6 43. Ne2 Kd7 44. h6 Rg6 45. h7 Rg7 46. Rh6 Rf7
47. Kf2 Rhxh7 48. Reh1 Rhg7 49. R1h4 Kc6 50. Nc3 e4 51. Rxe4 Be5 52. Rxe5 1-0